[Event "Mont de Marsan op 9th"]
[Site "Mont de Marsan"]
[Date "2012.12.29"]
[Round "7"]
[White "Gramont, Francois"]
[Black "Giovagnoni, Josette"]
[Result "1-0"]
[WhiteElo "1451"]
[BlackElo "1080"]
[PlyCount "73"]
[EventDate "2012.12.27"]
[EventType "swiss"]
[EventRounds "9"]
[EventCountry "FRA"]
[SourceTitle "CBM 152 Extra"]
[Source "ChessBase"]
[SourceDate "2013.02.25"]
[SourceVersion "1"]
[SourceVersionDate "2013.02.25"]
[SourceQuality "1"]

1. e4 e6 2. d4 d5 3. e5 c5 4. c3 Bd7 5. Nf3 h6 6. Be2 a6 7. 0-0 c4 8. Nbd2 Bb5 9. a4 Bc6 10. b3 b5 11. axb5 Bxb5 12. bxc4 dxc4 13. Nxc4 Bxc4 14. Bxc4 Qc8 15. Nd2 Ne7 16. Ba3 g6 17. Qe2 Qb7 18. Ne4 Kd8 19. Nd6 Qc6 20. Nxf7+ Kd7 21. Nxh8 Bg7 22. Nf7 Nf5 23. Rfc1 Nh4 24. f3 Kc7 25. Bd3 Nd7 26. Be4 Qb5 27. Qxb5 axb5 28. Bxa8 Nb6 29. Be4 g5 30. g3 Ng6 31. Bxg6 Nd5 32. c4 bxc4 33. Rxc4+ Kd7 34. Bd6 Nb6 35. Ra7+ Ke8 36. Nxh6+ Kd8 37. Be7# 1-0